000 00653nam a2200217Ia 4500
003 GCL
008 140319s9999 xx 000 0 ara d
020 _a2199345977
040 _aGCL /
_cGCL
082 0 4 _aط
_b372.52
_bق ط
100 1 _aمحمد عيد
245 1 0 _aالطيور /
_cمحمد عيد
700 1 _aداليا عبدالناصر
250 _aالثانية
260 _aالقاهرة :
_bدار الفاروق للنشر والتوزيع ،
_c2004
300 _a ؛
_c22 سم
490 _aهيا بنا نلون
_v0
650 0 4 _aرسوم الاطفال
650 0 4 _aالرسم - الطرق الفنية
942 _2ddc
_cBK
999 _c8813
_d8813